Top 25 Biggest Stadiums in Europe - Statistics

General Stats
  • This quiz has been taken 30 times
  • The average score is 9 of 25
Answer Stats
Capacity Location Stadium % Correct
99,354 Barcelona, Spain Camp Nou
100%
90,000 London, England Wembley
100%
81,277 Milan, Italy San Siro
73%
81,044 Madrid, Spain Santiago Bernabéu
73%
75,635 Manchester, England Old Trafford
68%
81,338 Paris, France Stade de France
64%
60,338 London, England Emirates Stadium
55%
75,000 Munich, Germany Allianz Arena
45%
82,000 London, England Twickenham
36%
74,649 Berlin, Germany Olympiastadion
32%
69,250 Munich, Germany Olympiastadion
32%
72,698 Rome, Italy Stadio Olimpico
32%
81,359 Dortmund, Germany Westfalenstadion
32%
60,355 Glasgow, Scotland Celtic Park
27%
82,300 Dublin, Ireland Croke Park
27%
81,000 Moscow, Russia Luzhniki
27%
67,371 Marseille, France Stade Velodrome
27%
74,500 Cardiff, Wales Millennium Stadium
18%
67,144 Edinburgh, Scotland Murrayfield
14%
62,271 Gelsenkirchen, Germany Veltins Arena
14%
64,642 Lisbon, Portugal Estadio da Luz
9%
60,469 Stuttgart, Germany Mercedes-Benz Stadium
5%
69,618 Athens, Greece Olympic Stadium of Athens
5%
76,092 Istanbul, Turkey Ataturk Olympic Stadium
0%
70,050 Kyiv, Ukraine Olimpiyskiy National Sports Complex
0%
No matching quizzes found
Score Distribution
Percent of People with Each Score
Percentile by Number Answered
Your Score History
You have not taken this quiz